|
|
|
|
| LEADER |
00000nam0a2200000 4500 |
| 001 |
232490 |
| 005 |
20231101231157.0 |
| 010 |
|
|
|a 9785438701750
|
| 035 |
|
|
|a (RuTPU)RU\TPU\book\253538
|
| 090 |
|
|
|a 232490
|
| 100 |
|
|
|a 20130213d2012 m y0rusy50 ca
|
| 101 |
0 |
|
|a rus
|
| 102 |
|
|
|a RU
|
| 105 |
|
|
|a a j 001zy
|
| 200 |
1 |
|
|a Прогнозирование и поиски месторождений полезных ископаемых
|e учебник для вузов
|f А. Ф. Коробейников
|g Национальный исследовательский Томский политехнический университет (ТПУ)
|
| 205 |
|
|
|a 2-е изд., испр. и доп.
|
| 210 |
|
|
|a Томск
|c Изд-во ТПУ
|d 2012
|
| 215 |
|
|
|a 255 с.
|c ил.
|
| 320 |
|
|
|a Библиогр.: с. 248-250.
|
| 330 |
|
|
|a В учебнике рассматриваются методы, приемы регионального и локального прогнозирования рудоносных площадей и поисков месторождений полезных ископаемых. Охарактеризованы критерии и признаки оценки промышленной значимости месторождений, геологические основы их прогнозирования и поисков, вопросы комплексирования прогнозно-поисковых методов, методика прогнозно-поисковых работ на разных стадиях геологоразведочного процесса, модели объектов поисков как основа комплексирования рациональных методов и основы опробования полезного ископаемого. Раскрыты особенности регионального, крупномасштабного, локального прогноза оруденения и принципы геолого-экономической оценки выявляемых промышленных объектов. Учебник подготовлен на кафедре геологии и разведки месторождений полезных ископаемых ТПУ. Предназначен для студентов бакалаврской и магистерской подготовки по направлению «Геология и разведка полезных ископаемых». Может быть использован работниками геологических и горных предприятий, занимающихся прогнозированием и поисками рудоносных площадей и месторождений.
|
| 452 |
|
1 |
|0 (RuTPU)RU\TPU\book\253678
|t Прогнозирование и поиски месторождений полезных ископаемых
|o учебник для вузов
|f А. Ф. Коробейников
|g Национальный исследовательский Томский политехнический университет (ТПУ)
|c Томск
|n Изд-во ТПУ
|d 2012
|a Коробейников, Александр Феопенович
|
| 606 |
1 |
|
|a Полезные ископаемые
|x Прогноз
|2 stltpush
|3 (RuTPU)RU\TPU\subj\50111
|9 68858
|
| 606 |
1 |
|
|a Полезные ископаемые
|x Поиски и разведка
|2 stltpush
|3 (RuTPU)RU\TPU\subj\50100
|9 68847
|
| 610 |
1 |
|
|a месторождения полезных ископаемых
|
| 610 |
1 |
|
|a рудоносные площади
|
| 610 |
1 |
|
|a систематика
|
| 610 |
1 |
|
|a прогнозные карты
|
| 610 |
1 |
|
|a поисковые работы
|
| 610 |
1 |
|
|a опробование
|
| 610 |
1 |
|
|a учебники
|
| 675 |
|
|
|a 550.8(075.8)
|v 3
|
| 675 |
|
|
|a 553.044(075.8)
|v 3
|
| 700 |
|
1 |
|a Коробейников
|b А. Ф.
|c российский геолог, доктор геолого-минералогических наук
|c профессор Томского политехнического университета
|f 1934-
|g Александр Феопенович
|2 stltpush
|3 (RuTPU)RU\TPU\pers\12688
|
| 712 |
0 |
2 |
|a Национальный исследовательский Томский политехнический университет (ТПУ)
|c (2009- )
|2 stltpush
|3 (RuTPU)RU\TPU\col\15902
|
| 801 |
|
1 |
|a RU
|b 63413507
|c 20130213
|
| 801 |
|
2 |
|a RU
|b 63413507
|c 20140110
|g RCR
|
| 900 |
|
|
|a Прогнозирование и поиски месторождений полезных ископаемых
|
| 942 |
|
|
|c BK
|